书目信息 |
| 题名: |
治学 修身 养性
|
|
| 作者: | 秦榆 编 | |
| 分册: | ||
| 出版信息: | 北京 京华出版社 2006.05 |
|
| 页数: | 389页 | |
| 开本: | 23cm | |
| 丛书名: | 中华千年文萃 | |
| 单 册: | ||
| 中图分类: | I262 | |
| 科图分类: | ||
| 主题词: | 古典散文--gu dian san wen--中国--作品集 | |
| 电子资源: | ||
| ISBN: | 7-80724-188-8 | |
| 000 | 00823nam 2200241 450 | |
| 001 | 012007454031 | |
| 005 | 20070920155822.29 | |
| 010 | @a7-80724-188-8@dCNY35.00 | |
| 100 | @a20070827d2006 km y0chiy0120 ea | |
| 101 | 0 | @achi |
| 102 | @aCN@b110000 | |
| 105 | @ay z 000cy | |
| 200 | 1 | @a治学 修身 养性@Azhi xue xiu shen yang xing@f秦榆编@Fqin yu bian |
| 210 | @a北京@c京华出版社@d2006.05 | |
| 215 | @a389页@d23cm | |
| 225 | 2 | @a中华千年文萃@Azhong hua qian nian wen cui |
| 330 | @a本书把古代圣人的原作加以搜索,让诸位读者学习圣人的治学态度、处世之道、修身之法,文章融注着作者的真意实情,精彩观点俯眼即是,令人咀嚼把味无穷。 | |
| 410 | 0 | @12001 @a中华千年文萃 |
| 606 | 0 | @a古典散文@Agu dian san wen@y中国@j作品集 |
| 690 | @aI262@v4 | |
| 701 | 0 | @a秦榆@Aqin yu@4编 |
| 801 | 0 | @aCN@c20070920 |
| 905 | @dI262@eQ458 | |
| 治学 修身 养性/秦榆编.-北京:京华出版社,2006.05 |
| 389页;23cm.-(中华千年文萃) |
| ISBN 7-80724-188-8:CNY35.00 |
| 本书把古代圣人的原作加以搜索,让诸位读者学习圣人的治学态度、处世之道、修身之法,文章融注着作者的真意实情,精彩观点俯眼即是,令人咀嚼把味无穷。 |
| ● |
| 相关链接 |
|
|
|
正题名:治学 修身 养性
索取号:I262/Q458
 
预约/预借
| 序号 | 登录号 | 条形码 | 馆藏地/架位号 | 状态 | 备注 |
| 1 | 262073 | 202620734 | 文学库116/116文学库 1排1列6层/ [索取号:I262/Q458] | 在馆 | |
| 2 | 262074 | 202620743 | 文学库116/116文学库 1排1列6层/ [索取号:I262/Q458] | 在馆 | |
| 3 | 262075 | 202620752 | 社科二线422/422社科库 51排6列4层/ [索取号:I262/Q458] | 在馆 |